Russian Immigration by Country - Statistics

General Stats
  • This quiz has been taken 1,085 times
  • The average score is 17 of 20
Answer Stats
Population Country % Correct
111,275 United Kingdom
99%
2,651,109 Ukraine
98%
273,034 China
95%
498,878 Belarus
94%
575,400 Kazakhstan
94%
142,405 United States
93%
244,662 Germany
90%
2,335,960 Uzbekistan
88%
514,663 Armenia
86%
610,327 Azerbaijan
85%
1,105,500 Tajikistan
85%
53,382 France
84%
552,014 Kyrgyzstan
84%
111,681 Turkey
83%
77,665 Finland
78%
45,935 Spain
77%
53,649 Italy
76%
586,122 Moldova
72%
150,000 Afghanistan
56%
53,649 Vietnam
40%
No matching quizzes found
Score Distribution
Percent of People with Each Score
Percentile by Number Answered
Your Score History
You have not taken this quiz